| 000 | 00746cab a2200265 4500 | ||
|---|---|---|---|
| 001 | ABS42266 | ||
| 008 | 090401t1990 xxu||||| |||| 00| 0 eng d | ||
| 035 | _a(Sirsi) u35818 | ||
| 041 | _aeng | ||
| 100 | _aScott, J.R. | ||
| 245 | _aBuilding in Scotland | ||
| 260 | _c1990 | ||
| 350 | _a0 | ||
| 490 |
_aStructural Engineer _v68(5) 6 march 1990, 103-104(2) |
||
| 520 | _aAnalyses the problems of building in Scotland looking in particular at the effects of wind speed , rain and cold . Bibliography. | ||
| 650 | _aAGGREGATES | ||
| 650 | _aCONCRETE | ||
| 650 | _aBUILT ENVIRONMENT | ||
| 650 | _aEXTERNAL RENDERING | ||
| 650 | _aMORTAR | ||
| 650 | _aWALL TIES | ||
| 690 | _aBUILT ENVIRONMENT | ||
| 942 | _n0 | ||
| 948 | _c04/03/1997 | ||
| 999 |
_c23421 _d23421 |
||